Etnický konflikt v Libanone bakalárska práca

Gespeichert in:
Bibliographische Detailangaben
1. Verfasser: Pocklan, Marek
Körperschaft: Fakulta medzinárodných vzťahov EU. Katedra medzinárodných politických vzťahov
Weitere Verfasser: Ondriaš, Juraj, 1988-
Format: Buch
Sprache:Slowakisch
Veröffentlicht: Bratislava 2017
Tags: Tag hinzufügen
Keine Tags, Fügen Sie das erste Tag hinzu!

MARC

LEADER 00000nbm a2200000 4500
001 0232098
005 20180223122516.0
041 0 |a slo 
044 |a SK 
245 1 0 |a Etnický konflikt v Libanone  |b bakalárska práca  |c Marek Pocklan ; školiteľ: Juraj Ondriaš 
264 1 |a Bratislava  |c 2017 
300 |a 49 s. 
100 1 |a Pocklan, Marek 
700 1 |a Ondriaš, Juraj, 1988- 
710 2 |a Fakulta medzinárodných vzťahov EU. Katedra medzinárodných politických vzťahov